Yearbook of International Trade Statistics 1964

Salvato in:
Dettagli Bibliografici
Natura: Libro
Lingua:inglese
Pubblicazione: New York United Nations 1966
Tags: Aggiungi Tag
Nessun Tag, puoi essere il primo ad aggiungerne!!

MARC

LEADER 00000nam a2200000 4500
001 c141486
005 20221220103008.9
041 0 |a eng 
044 |a US 
245 1 0 |a Yearbook of International Trade Statistics 1964 
264 1 |a New York  |b United Nations  |c 1966 
300 |a 832 s.